00305 a2200133 4500001000700000040002200007041001600029082001900045100003100064245001500095260004100110300000700151362001300158145346 cLeonardo Da Vinci aPortuguês aI S586mbS586m aSILVA, Conceil Corrêa da aMirradinho bEditora do Brasilc1995aSão Paulo a25 a19950000